[Event "Madrid-ch Previa-A"]
[Site "Madrid"]
[Date "2002.11.04"]
[Round "7.3"]
[White "Rojas Jerez, Francisco J"]
[Black "Huerta Navarro, Eusebio"]
[Result "1/2-1/2"]
[WhiteElo "1961"]
[BlackElo "1946"]
[PlyCount "42"]
[EventDate "2002.10.29"]
[EventType "swiss"]
[EventRounds "9"]
[EventCountry "ESP"]
[SourceTitle "EXT 2004"]
[Source "ChessBase"]
[SourceDate "2003.11.25"]
[SourceVersion "1"]
[SourceVersionDate "2003.11.25"]
[SourceQuality "1"]

1. d4 d5 2. c4 e6 3. Nc3 Nf6 4. Bg5 Nbd7 5. Nf3 Be7 6. e3 h6 7. Bh4 c5 8. dxc5 Nxc5 9. cxd5 Nxd5 10. Bxe7 Kxe7 11. Qd4 b6 12. b4 Nxc3 13. Qxc3 Ne4 14. Qe5 Bb7 15. Rd1 Qc8 16. Bb5 Qc3+ 17. Qxc3 Nxc3 18. Rd7+ Kf6 19. Rxb7 Nxb5 20. 0-0 Rhd8 21. g3 Rac8 1/2-1/2

[Event "Madrid-ch Previa-A"]
[Site "Madrid"]
[Date "2002.10.29"]
[Round "5.4"]
[White "Rojas Jerez, Francisco J"]
[Black "Alvarez Usero, Jose Luis"]
[Result "1-0"]
[WhiteElo "1961"]
[BlackElo "1762"]
[PlyCount "53"]
[EventDate "2002.10.29"]
[EventType "swiss"]
[EventRounds "9"]
[EventCountry "ESP"]
[SourceTitle "EXT 2004"]
[Source "ChessBase"]
[SourceDate "2003.11.25"]
[SourceVersion "1"]
[SourceVersionDate "2003.11.25"]
[SourceQuality "1"]

1. d4 d5 2. c4 c6 3. Nc3 Nf6 4. Nf3 e6 5. Bg5 dxc4 6. e4 b5 7. e5 h6 8. Bh4 g5 9. Nxg5 Nd5 10. Nxf7 Qxh4 11. Nxh8 Bb4 12. Rc1 Na6 13. Be2 Qe4 14. 0-0 Bxc3 15. bxc3 Nf4 16. Bf3 Qf5 17. Bxc6+ Kd8 18. Bxa8 Nc7 19. Bc6 Bd7 20. Bb7 Ncd5 21. Qf3 Qd3 22. Bxd5 Ne2+ 23. Kh1 Nxc1 24. Rxc1 exd5 25. Qf8+ Be8 26. Nf7+ Kd7 27. e6+ 1-0

[Event "Madrid-ch Previa-A"]
[Site "Madrid"]
[Date "2002.10.28"]
[Round "4.6"]
[White "Rojas Jerez, Francisco J"]
[Black "Gonzalez Silen, Luis F"]
[Result "1-0"]
[WhiteElo "1961"]
[BlackElo "1900"]
[PlyCount "71"]
[EventDate "2002.10.29"]
[EventType "swiss"]
[EventRounds "9"]
[EventCountry "ESP"]
[SourceTitle "EXT 2004"]
[Source "ChessBase"]
[SourceDate "2003.11.25"]
[SourceVersion "1"]
[SourceVersionDate "2003.11.25"]
[SourceQuality "1"]

1. d4 Nf6 2. c4 e6 3. Nf3 c5 4. d5 d6 5. Nc3 Be7 6. e4 exd5 7. cxd5 0-0 8. Nd2 a6 9. a4 Nbd7 10. Be2 Re8 11. 0-0 Nf8 12. Nc4 Qc7 13. e5 N6d7 14. Ne4 Qb8 15. f4 dxe5 16. fxe5 Nxe5 17. Bf4 Nfd7 18. Nxe5 Nxe5 19. d6 Bf8 20. d7 Bxd7 21. Bc4 Be6 22. Bxe6 Rxe6 23. Ng5 Re7 24. Qd5 h6 25. Nxf7 Rxf7 26. Bxe5 Qe8 27. Rad1 Rc8 28. Rd3 Qd7 29. Qxd7 Rxd7 30. Rxd7 b5 31. Bd6 Bxd6 32. Rxd6 Ra8 33. Rc6 c4 34. axb5 axb5 35. Rc5 Ra5 36. Rf3 1-0

[Event "Madrid-ch Previa-A"]
[Site "Madrid"]
[Date "2002.10.23"]
[Round "3.3"]
[White "Hernandez Navas, Francisco Javier"]
[Black "Rojas Jerez, Francisco J"]
[Result "1-0"]
[WhiteElo "1923"]
[BlackElo "1961"]
[PlyCount "83"]
[EventDate "2002.10.29"]
[EventType "swiss"]
[EventRounds "9"]
[EventCountry "ESP"]
[SourceTitle "EXT 2004"]
[Source "ChessBase"]
[SourceDate "2003.11.25"]
[SourceVersion "1"]
[SourceVersionDate "2003.11.25"]
[SourceQuality "1"]

1. c4 f5 2. Nc3 c6 3. d4 d5 4. cxd5 cxd5 5. e3 Nf6 6. Nf3 e6 7. Ne5 a6 8. f4 Bd6 9. Be2 0-0 10. 0-0 Bd7 11. Bd2 Nc6 12. a3 Be8 13. Nxc6 bxc6 14. b4 a5 15. Na4 axb4 16. Bxb4 Ne4 17. Qc2 Rf7 18. Nc5 Bxc5 19. Bxc5 Rb7 20. Bb4 Qb6 21. Rfc1 Qd8 22. Bd3 Nf6 23. Qc5 h6 24. Rcb1 Ng4 25. h3 Nf6 26. g4 Nd7 27. Qxc6 Rb6 28. Qc2 fxg4 29. hxg4 Qh4 30. Qg2 Nf6 31. g5 hxg5 32. fxg5 Ng4 33. Rf1 Bh5 34. Rae1 Qxg5 35. Rf4 Rxb4 36. axb4 Ra3 37. Bb1 Rc3 38. Ref1 Rc8 39. b5 Qh6 40. b6 Rb8 41. b7 g6 42. Qc2 1-0

[Event "Madrid-ch Previa-A"]
[Site "Madrid"]
[Date "2002.10.21"]
[Round "1.1"]
[White "Suarez Prieto, Leopoldo"]
[Black "Rojas Jerez, Francisco J"]
[Result "1/2-1/2"]
[WhiteElo "1918"]
[BlackElo "1961"]
[PlyCount "83"]
[EventDate "2002.10.29"]
[EventType "swiss"]
[EventRounds "9"]
[EventCountry "ESP"]
[SourceTitle "EXT 2004"]
[Source "ChessBase"]
[SourceDate "2003.11.25"]
[SourceVersion "1"]
[SourceVersionDate "2003.11.25"]
[SourceQuality "1"]

1. e4 c5 2. c3 d5 3. e5 Nc6 4. d4 Qb6 5. dxc5 Qxc5 6. b4 Qb6 7. Be3 Qd8 8. f4 Nh6 9. Be2 e6 10. h4 Nf5 11. Bf2 a6 12. Nf3 Be7 13. g4 Nh6 14. Rg1 0-0 15. a3 Bd7 16. Nbd2 Rc8 17. Bd3 Kh8 18. Ng5 g6 19. Ndf3 Be8 20. h5 Kg8 21. hxg6 hxg6 22. Bh4 d4 23. c4 Qd7 24. Qe2 Kg7 25. Ne4 Bxh4+ 26. Nxh4 Rh8 27. Nf6 Qe7 28. f5 exf5 29. gxf5 Qxe5 30. Nh5+ Kf8 31. fxg6 fxg6 32. Bxg6 Rg8 33. Rf1+ Bf7 34. Bh7 Re8 35. Nf4 Qxe2+ 36. Nxe2 Rg4 37. Nf5 Nxf5 38. Bxf5 Rg5 39. Kd2 Rg2 40. Bd3 Re3 41. Rg1 Rf2 42. Raf1 1/2-1/2